Faculty of Law Library — Cairo University

Official Online Catalog

مقدمة فى دراسة القانون الدولى الجنائي : (Record no. 68539)

MARC details
000 -LEADER
fixed length control field 01236nam a2200301 i 4500
003 - CONTROL NUMBER IDENTIFIER
control field EG-GICUC
005 - DATE AND TIME OF LATEST TRANSACTION
control field 20260403152558.0
008 - FIXED-LENGTH DATA ELEMENTS--GENERAL INFORMATION
fixed length control field 260403s1971 iq ||||fr|||| 00| 0 ara d
040 ## - CATALOGING SOURCE
Original cataloging agency EG-GICUC
Language of cataloging ara
Transcribing agency EG-GICUC
Modifying agency EG-GICUC
Description conventions rda
041 ## - LANGUAGE CODE
Language code of text/sound track or separate title ara
082 04 - DEWEY DECIMAL CLASSIFICATION NUMBER
Edition number 21
Classification number 343.5
Item number ح م . م
092 04 - LOCALLY ASSIGNED DEWEY CALL NUMBER (OCLC)
Edition number 21
099 ## - LOCAL FREE-TEXT CALL NUMBER (OCLC)
Classification number Law1 10 343.5 ح م . م 1971
100 0# - MAIN ENTRY--PERSONAL NAME
Personal name حميد السعدى
Relator term مؤلف.
245 10 - TITLE STATEMENT
Title مقدمة فى دراسة القانون الدولى الجنائي :
Remainder of title مع عرض وتحليل لاحكام محكمة نورمبرج الخاصة بمحاكمة "كبار مجرمي الحرب" /
Statement of responsibility, etc. القاها حميد السعدى بجامعة بغداد.
264 #1 - PRODUCTION, PUBLICATION, DISTRIBUTION, MANUFACTURE, AND COPYRIGHT NOTICE
Place of production, publication, distribution, manufacture بغداد :
Name of producer, publisher, distributor, manufacturer مطلعة المعارف،
Date of production, publication, distribution, manufacture, or copyright notice 1971.
300 ## - PHYSICAL DESCRIPTION
Extent 422 صفحة ;
Dimensions 24 سم.
336 ## - CONTENT TYPE
Source rda content
Content type term text
337 ## - MEDIA TYPE
Source rda media
Media type term Computer
338 ## - CARRIER TYPE
Source rda carrier
Carrier type term Online Resource
504 ## - BIBLIOGRAPHY, ETC. NOTE
Bibliography, etc. note يشتمل على إرجاعات ببليوجرافية.
546 ## - LANGUAGE NOTE
Language note النص باللغة العربية
650 1# - SUBJECT ADDED ENTRY--TOPICAL TERM
Topical term or geographic name entry element القانون الجنائي
650 1# - SUBJECT ADDED ENTRY--TOPICAL TERM
Topical term or geographic name entry element القانون الجنائي الدولي
856 40 - ELECTRONIC LOCATION AND ACCESS
Uniform Resource Identifier <a href="https://fll.law.cu.edu.eg/fulltext/bks/B10-07127.pdf">https://fll.law.cu.edu.eg/fulltext/bks/B10-07127.pdf</a>
905 ## - Cataloger and Reviser Names
Cataloger Name: Gomana
942 ## - ADDED ENTRY ELEMENTS (KOHA)
Source of classification or shelving scheme Dewey Decimal Classification
Suppress in OPAC No
Koha item type Books
Edition 21
Holdings
Withdrawn status Lost status Source of classification or shelving scheme Damaged status Not for loan Collection Home library Current library Date acquired Total checkouts Full call number Barcode Date last seen Copy number Price effective from Koha item type
    Dewey Decimal Classification   Not for loan القانون الجنائي جــــامعة القــاهرة مكتبة كلية الحقوق - المبنى الرئيسي 03.04.2026   Law1 10 343.5 ح م . م 1971 1007127 C1 B10-07127 03.04.2026 1 03.04.2026 Books

© All rights reserved — Faculty of Law, Cairo University